| 000 | 00345nam a2200133Ia 4500 | ||
|---|---|---|---|
| 008 | 191201s2019 xx 000 0 und d | ||
| 082 | _a615.4 MAM | ||
| 100 | _aMAHAJAN, Neelam | ||
| 245 | 0 | _aManual of Practical Pharmaceutics | |
| 260 |
_bBirla pub _aNew Delhi _c2019 |
||
| 300 | _a110 | ||
| 650 | _aPharmaceutical Dosage forms | ||
| 942 |
_2ddc _cBK |
||
| 999 |
_c8254 _d8254 |
||